banner-ar

مصادر تاريخ الجزيرة العربية / (Record no. 35149)

MARC details
000 -الفاتح
حقل البيانات ثابتة الطول 01193nam a2200229Ia 4500
005 - وقت وتاريخ اخر تعامل مع التسجيلة
رقم الضبط 20240530102903.0
008 - عناصر البيانات ثابتة الطول - معلومات عامة
حقل البيانات ثابتة الطول 140319s9999 xx 000 0 ara d
040 ## - مصدر الفهرسة
وكالة الفهرسة الأصلية GCL /
وكالة النسخ GCL
082 04 - رقم تصنيف ديوى العشرى
رقم التصنيف 953.001/
رقم المادة ع م
245 00 - بيان العنوان
العنوان مصادر تاريخ الجزيرة العربية /
بقية العنوان
بيان المسئوليه,etc اشراف عبدالرحمن الطيب الانصارى ؛ وقف على تصحيحة عبدالقادر محمود عبدالله، سامى الصقار، رتشارد مورتيل
260 ## - PUBLICATION, DISTRIBUTION, ETC. (IMPRINT)
تاريخ النشر أو التوزيع .1979
490 #0 - بيان السلسلة
عنوان السلسلة دراسات تاريخ الجزيرة العربية
رقم المجلد/ التعيين التسلسلي 0
500 ## - تبصرة عامة
تبصرة عامة الابحاث المقدمة للندوة العالمية الاولى لدراسات تاريخ الجزيرة العربية فى 5 الى 10 جماد الاول 1379 هـ الموافق 23 - 28 ابريل 1977م
650 04 - المدخل الاضافى بالموضوع-مصطلح موضوعى
مصطلح موضوعي تاريخ
650 04 - المدخل الاضافى بالموضوع-مصطلح موضوعى
مصطلح موضوعي شبه الجزيرة العربية
700 0# - المدخل الاضافى - اسم شخصى
رمز الرابط عبدالرحمن الطيب الانصارى
الدور مشرف
700 0# - المدخل الاضافى - اسم شخصى
الإسم الشخصى سامى الصقار
الدور مصحح
700 0# - المدخل الاضافى - اسم شخصى
الإسم الشخصى عبدالقادر محمود
الدور مصحح
700 1# - المدخل الاضافى - اسم شخصى
الإسم الشخصى مورتيل، رتشارد
الدور مصحح
942 ## - عناصر المدخل الإضافي( كوها)
مصدر التصنيف او مخطط الترفيف Dewey Decimal Classification
Koha [default] item type كتاب
260 ## - PUBLICATION, DISTRIBUTION, ETC. (IMPRINT)
-- الرياض :
-- مطابع جامعة الرياض ،
Holdings
حالة التراجع حالة الفقد حالة تلف ليس للاعارة المكان المؤقت الموقع الحالى تاريخ الاكتساب اجمالي اﻻعارات رقم الطلب الباركود تاريخ اخر مشاهدة تاريخ تفعيل السعر نوع وعاء كوها
        مكتبة القاهرة الكبرى مكتبة القاهرة الكبرى 03/26/2014   953.001\ع م 85433 03/26/2014 03/26/2014 كتاب
        مكتبة القاهرة الكبرى مكتبة القاهرة الكبرى 03/26/2014   953.001\ع م 85434 03/26/2014 03/26/2014 كتاب
        مكتبة القاهرة الكبرى مكتبة القاهرة الكبرى 03/26/2014   953.001\ع م 85435 03/26/2014 03/26/2014 كتاب

Powered By

EGPV